Experimentálna FARMA dojníc v Ivanke pri Dunaji

Podrobná bibliografia
Hlavný autor: Bartúnek, P. (Autor)
Médium: Článok
Jazyk:slovenčina

MARC

LEADER 00000nab a2200000ua 4500
001 vtls010756145
003 SK-MaSNL
005 20260304202636.0
008 250718s1974 xo |||||||||||||||||slo|
035 |a (urnnbn)urn:nbn:sk:snk:ar-a00scb 
035 |a (uuid)35e960b3-fe8d-4dfd-86ea-e2555028cde9 
035 |a urn:nbn:sk:snk-ab52iq 
040 |a SNKBUCL  |b slo  |c SNKBUCL  |e AACR2 
041 0 |a slo 
044 |a xo  |c SK 
100 1 |a Bartúnek, P.  |4 aut  |9 1177850 
245 1 0 |a Experimentálna FARMA dojníc v Ivanke pri Dunaji  |c P. Bartúnek 
773 0 |t Projekt  |g Roč. 16, č. 5 (1974), s. [8]-9 
850 |a Slovenská národná knižnica 
852 |a Slovenská národná knižnica 
954 |a odborná, vedecká literatúra pôvodná (slovenská)  |2 lita 
958 |a article3 
958 |a OND 
958 |a EUIPO 
999 |c 3104513  |d 3106443